| 000 | 02253cam a22005054i 4500 | ||
|---|---|---|---|
| 003 | PE-LiUPU | ||
| 005 | 20250731165528.0 | ||
| 008 | 150623s r 000 0 d | ||
| 020 | _a8470501194 | ||
| 035 | _a(Sirsi) i9788470501197 | ||
| 040 |
_aPE-LiUPU _bspa _cPE-LiUPU _erda |
||
| 049 | _aPRUA | ||
| 082 | 0 | 4 |
_a270.9 _bH _221 |
| 100 | 1 |
_aAubenas, Roger, _eautor. |
|
| 245 | 1 | 3 |
_aEl renacimiento. _n17 / _cRoger Aubenas y Robert Richard. |
| 264 | 1 |
_aValencia, España : _bEdicep, _c1974. |
|
| 300 |
_a684 páginas : _bilustraciones fotos ; _c28 centímetros |
||
| 336 |
_atext _2rdacontent |
||
| 337 |
_aunmediated _2rdamedia |
||
| 338 |
_avolume _2rdacarrier |
||
| 490 | 0 |
_aHistoria de la iglesia ; _v17 |
|
| 505 | 0 | _aIndicios del absolutismo pontificio y últimas tentativas "unitarias". -Ambiciones italianas, nepotismo y fiscalización. De Paulo II a la muerte de Alejandro VI .-El pontifice de Julio II principios de Julio II y principios del pontificado de León X. -El problema de las relaciones de la religión con el humanismo y el renacimiento. -Religión humanismo y renacimiento en la élite ilustrada y artista. -La sociedad renacentista, juzgada por los contemporáneos. -El clero regular y sus intentos de reforma. -El clero secular y la vida religiosa popular. -Arte y piedad. -Herejías y brujerías. | |
| 526 | _aSEG44 | ||
| 526 | _aSEG26 | ||
| 526 | _aP151 | ||
| 526 | _aP150 | ||
| 526 | _aP149 | ||
| 526 | _aP146 | ||
| 526 | _aP145 | ||
| 526 | _aP126 | ||
| 526 | _aP125 | ||
| 526 | _aP92 | ||
| 526 | _aP75 | ||
| 526 | _aP74 | ||
| 526 | _aP27 | ||
| 526 | _aP15 | ||
| 650 | 0 | 4 |
_aIglesia _xHistoria _yRenacimiento. |
| 700 | 1 |
_aRichard, Robert, _eautor. |
|
| 942 |
_2ddc _cBOOK |
||
| 949 |
_aRC 270.9 H 17 _wDEWEY _c1 _i14169 _lCCODEBUL1 _mBUL _r0 _sY _tBOOK _u2015-6-24 _xTEOLOGIA _PP35 _0COMPRA _o.CIRCNOTE. No olvidar cambiar la fecha de devolución!!!!!!! _o.STAFF. Colección General |
||
| 994 |
_aC0 _bPEPRU |
||
| 596 | _a1 | ||
| 999 |
_aRC 270.9 H 17 _wDEWEY _c36503 _i14169 _f2021-11-8 _g6 _lCCODEBUL1 _mBUL _r1 _sY _tBOOK _u2015-6-24 _xTEOLOGIA _PP35 _0COMPRA _o.CIRCNOTE. No olvidar cambiar la fecha de devolución!!!!!!! _o.STAFF. Colección General _d36503 |
||
| 980 |
_81 _gALBERTO SANCHEZ Responsable de Automatización |
||